Semi-critical assisted extractio: Applications and commercialization in biotechnology, food, and pharmacy (Record no. 42622)

MARC details
000 -LEADER
fixed length control field 00521nam a2200181Ia 4500
020 ## - INTERNATIONAL STANDARD BOOK NUMBER
ISBN 9789814968362
050 ## - CALL MARK
Classification number S 45 .C43/
100 ## - STATEMENT OF RESPONSIBILITY--MAIN AUTHOR NAME
Personal name Chavez-Gil, Tulio
245 #0 - TITLE STATEMENT
Title Semi-critical assisted extractio: Applications and commercialization in biotechnology, food, and pharmacy
260 ## - PUBLICATION, DISTRIBUTION, ETC. (IMPRINT)
Place of publication NY
260 ## - PUBLICATION, DISTRIBUTION, ETC. (IMPRINT)
Name of publisher Taylor & Francis ; Jenny Stanford
260 ## - PUBLICATION, DISTRIBUTION, ETC. (IMPRINT)
Year of publication 2024
300 ## - PHYSICAL DESCRIPTION
Number of Pages xii, 248p. :ill. ; 26cm.
650 ## - SUBJECT ADDED ENTRY--TOPICAL TERM
Topical Term NY
942 ## - ADDED ENTRY ELEMENTS (KOHA)
Koha item type Books
Holdings
Withdrawn status Lost status Source of classification or shelving scheme Damaged status Not for loan Permanent Location Current Location Shelving location Date acquired Accession Number Price effective from Koha item type
    Library of Congress Classification     NILE UNIVERSITY OF NIGERIA - MAIN LIBRARY NILE UNIVERSITY OF NIGERIA - MAIN LIBRARY Items on shelf 06/03/2025 0198171 06/03/2025 Books